| 000 | 00910nam a22002897a 4500 | ||
|---|---|---|---|
| 003 | CHAP | ||
| 005 | 20240813124044.0 | ||
| 008 | 971013s1987 r 00010 d | ||
| 010 | _a57449 | ||
| 011 | _a58421 | ||
| 035 | _a62576 | ||
| 040 | _cCHAP | ||
| 090 | _aFolleto 10617 | ||
| 100 | 1 | 0 |
_aSosa Montes, Eliseo _9108816 |
| 245 | _aSobre la belleza de las entidades matemáticas | ||
| 260 |
_aChapingo, Méx. : _bUACH. Departamento de Zootecnia, _c1987 |
||
| 300 | _a11 p. | ||
| 590 |
_aBATCH-UPD _b10 _c20130110 _lUCH01 _h1923 |
||
| 590 |
_aBATCH-UPD _b10 _c20130410 _lUCH01 _h1249 |
||
| 590 |
_aBATCH-UPD _b10 _c20130914 _lUCH01 _h1803 |
||
| 590 |
_aCONVERSION _b10 _c20130109 _lUCH01 _h1331 |
||
| 650 | 1 | 4 |
_aMatemáticas _xFilosofía. _972905 |
| 901 | _aBK | ||
| 942 | _cFOLL | ||
| 949 |
_aFolleto 10617 _bBC _cFOLL _d-134110 _eTS1 _i62576 _si |
||
| 949 |
_aFolleto 10617 _bBC _cUACH _d-134111 _eUACH _fc.2 _i62576 _si |
||
| 999 |
_c57449 _d57449 |
||